Acciones populares : (Registro nro. 5176)

Detalles MARC
000 -LEADER
fixed length control field 00901nam a2200253Ia 4500
003 - CONTROL NUMBER IDENTIFIER
control field OSt
005 - DATE AND TIME OF LATEST TRANSACTION
control field 20200408012736.0
008 - FIXED-LENGTH DATA ELEMENTS--GENERAL INFORMATION
fixed length control field 191128s1999 ck gr 000 0 spa d
020 ## - INTERNATIONAL STANDARD BOOK NUMBER
International Standard Book Number 9586760812
040 ## - CATALOGING SOURCE
Original cataloging agency CO-JMCR
Transcribing agency CO-JMCR
041 0# - LANGUAGE CODE
Language code of text/sound track or separate title spa
082 04 - DEWEY DECIMAL CLASSIFICATION NUMBER
Classification number 323.042 /
Item number M177a
Edition number 21
100 1# - MAIN ENTRY--PERSONAL NAME
Personal name Martínez Bautista, Jorge Enrique,
Relator term autor
9 (RLIN) 2791
245 10 - TITLE STATEMENT
Title Acciones populares :
Remainder of title el ministerio público en la defensa del medio ambiente /
Statement of responsibility, etc. Jorge Enrique Martínez Bautista y Lucely Diez Bernal
260 ## - PUBLICATION, DISTRIBUTION, ETC.
Place of publication, distribution, etc. Bogotá :
Name of publisher, distributor, etc. Doctrina y ley,
Date of publication, distribution, etc. 1999
300 ## - PHYSICAL DESCRIPTION
Extent xi, 249 páginas ;
Dimensions 17 cm.
505 0# - FORMATTED CONTENTS NOTE
Formatted contents note Las acciones populares -- Ley 472 de 1998
650 14 - SUBJECT ADDED ENTRY--TOPICAL TERM
Topical term or geographic name entry element Participación social
9 (RLIN) 2792
650 14 - SUBJECT ADDED ENTRY--TOPICAL TERM
Topical term or geographic name entry element Democracia participativa
9 (RLIN) 2774
650 14 - SUBJECT ADDED ENTRY--TOPICAL TERM
Topical term or geographic name entry element Derechos civiles
9 (RLIN) 2793
650 14 - SUBJECT ADDED ENTRY--TOPICAL TERM
Topical term or geographic name entry element Protección del medio ambiente
9 (RLIN) 1026
700 1# - ADDED ENTRY--PERSONAL NAME
Personal name Diez Bernal, Lucely,
Relator term autora
9 (RLIN) 2794
942 ## - ADDED ENTRY ELEMENTS (KOHA)
Source of classification or shelving scheme Dewey Decimal Classification
Koha item type Books
Existencias
Withdrawn status Lost status Source of classification or shelving scheme Damaged status Not for loan Collection code Home library Current library Date acquired Source of acquisition Cost, normal purchase price Total Checkouts Full call number Barcode Date last seen Copy number Koha item type
    Dewey Decimal Classification     Non-fiction Biblioteca Pública José María del Castillo y Rada Biblioteca Pública José María del Castillo y Rada 04/15/2018 Donación 0.00   323.042 / M177a 430001405 05/16/2024 Ej.1 Books